Libertad ideolg̤ica y objecin̤ de conciencia Pluralismo y valores en derecho y educacin̤ /

Bibliographic Details
Other Authors: Garrido Gm̤ez, Mara̕ Isabel, Barranco Avilš, Mara̕ del Carmen, Ass̕ Roig, Rafael de
Format: Book
Language:Spanish
Published: Madrid : Dykinson, DL 2011
Series:Debates del Instituto Bartolom ̌de las Casas ; 17
Subjects:
Online Access:Acceso restringido

MARC

LEADER 00000nam a2200000 a 4500
005 20111124104536.0
007 cr|||| ||||
008 110929s2011 sp |||| |||| 000 0 spa|c
017 |a DL SE. 1036-2011 
020 |a 9788499821078 
035 |a 5888 
040 |d vLex 
080 |a 340.12 
090 |c 2787  |d 2787 
245 0 0 |a Libertad ideolg̤ica y objecin̤ de conciencia   |h [Recurso electrn̤ico] :  |b Pluralismo y valores en derecho y educacin̤ /  |c M.® Isabel Garrido Gm̤ez, M.® del Carmen Barranco Avilš (eds.) ; Rafael de Ass̕ ... [et al.] 
256 |a Servicio en ln̕ea 
260 |a Madrid :  |b Dykinson,  |c DL 2011 
300 |a 1 recurso electrn̤ico 
504 |a Incluye referencias bibliogrf̀icas 
506 1 |a Contenido solo disponible en los productos indicados  |d vLex Global   |d vLex Global (Academic Edition, excluding Law Schools)   |d vLex Global (U.S. Academic Edition, Law Schools)   |d vLex Global (U.S. Academic Edition, excluding Law Schools)   |d vLex Global (Academic Edition, Law Schools)  
650 0 4 |a Derecho y ťica 
650 0 4 |a Libertad de conciencia 
700 1 |a Garrido Gm̤ez, Mara̕ Isabel 
700 1 |a Barranco Avilš, Mara̕ del Carmen 
700 1 |a Ass̕ Roig, Rafael de 
740 0 |a vLex Libros (Servicio en ln̕ea) 
830 0 |a Debates del Instituto Bartolom ̌de las Casas ;  |v 17 
856 4 0 |u http://vlex.com/source/libertad-ideologica-objecion-conciencia-pluralismo-valores-derecho-educacion-5888  |z Acceso restringido 
942 |c BOOK